Colombia literaria : entrevistas /

Guardado en:
Autor Principal: Alvarez D. Orsonville, J. M.
Formato: Libro
Publicado: Bogotá : Autores contemporáneos, 1960
Series:Biblioteca de autores contemporáneos
Materias:
Etiquetas: Agregar Etiqueta
Sin Etiquetas, Sea el primero en etiquetar este registro!
LEADER 00653nam a22002055a 4500
001 CEM.cems000483
005 20100916093605.0
008 130507s1960##################000#0#####d
003 CEMS
082 0 4 |a C868 
100 1 |a Alvarez D. Orsonville, J. M. 
245 1 0 |a Colombia literaria :  |b entrevistas /  |c J.M. Alvarez D´orsonville 
260 |a Bogotá :  |b Autores contemporáneos,  |c 1960 
300 |a 441 p. 
490 0 |a Biblioteca de autores contemporáneos 
653 |a Literatura 
653 |a Literatura colombiana-siglo 20 
653 |a Literatura hispanoramericana 
653 |a Miscelanea 
859 |a CEMS  |b BIB. CEMS - 11 de abril  |h C868  |i Al76  |p 10037.81  |t Ej.1